000 00699nam a2200241 i 4500
001 C2-0285729
003 PPAK
005 20180728015338.0
008 080109s2005 nyu |||| ||||| | eng d
020 _a9780618378067
040 _aPPAK
_beng
_cPPAK
_erda
082 0 4 _a891.1
_223
090 0 0 _a891.1
_bGHO
_dRLCK
100 1 _aGhosh, Amitav,
_eauthor
245 1 0 _aIncendiary circumstances :
_ba chronicle of the turmoil of our times
264 1 _aNew York :
_bHoughton Mifflin Company ,
_c2005
300 _a305 pages ;
_c30 cm
336 _2rdacontent
_atext
337 _2rdamedia
_aunmediated
338 _2rdacarrier
_avolume
650 1 0 _aIndic literature ( English).
942 _ddc
_cB
999 _c91567
_d91567